MARC

LEADER 00000nam0a2200000 4500
001 251499
005 20231101232649.0
010 |a 521000340X 
020 |a RU  |b 89-23552 
035 |a (RuTPU)RU\TPU\book\273798 
090 |a 251499 
100 |a 20140221d1989 m a0rusy5003 ca 
101 0 |a rus 
102 |a RU 
105 |a a z 001zb 
200 1 |a Наталья Гундарева. Пятнадцать лет спустя  |f В. Я. Дубровский 
210 |a Москва  |c Искусство  |d 1989 
215 |a 189 с.  |c ил. 
320 |a Роли Н. Гундаревой, сыгр. в театре, кино и на телевидении: с. 186-189. 
600 1 |a Гундарева  |b Н. Г.  |c актриса театра и кино  |c народная артистка РСФСР  |f 1948-2005  |g Наталья Георгиевна  |2 stltpush  |3 (RuTPU)RU\TPU\pers\21547  |9 9070 
606 1 |a Театр  |2 stltpush  |3 (RuTPU)RU\TPU\subj\58738  |9 76490 
606 1 |a Актеры  |2 stltpush  |3 (RuTPU)RU\TPU\subj\1657  |9 30390 
610 1 |a актерское искусство 
610 1 |a русский театр 
610 1 |a Кино в СССР 
610 1 |a драматический театр 
610 1 |a советский театр 
610 1 |a персоналии 
610 1 |a биографии 
610 1 |a жизнь 
610 1 |a творчество 
675 |a 792.071.2(092)  |z rus 
675 |a 791.44.071.2(092)  |z rus 
700 1 |a Дубровский  |b В. Я.  |g Виктор Яковлевич 
801 0 |a RU  |b RuMRKP  |c 19950417  |g psbo 
801 1 |a RU  |b 63413507  |c 20140221 
801 2 |a RU  |b 63413507  |c 20171206  |g RCR 
942 |c BK